拼音以S开头的中国城市 Chinese cities whose pinyin begins with S - Statistics

General Stats
  • This quiz has been taken 100 times
    88 since last reset
  • The average score is 35 of 52
Answer Stats
七普人口 DWUA 省份 行政类别 城市 % Correct
1987 2404 上海 直辖市 上海
97%
253 220 广东 地级市 汕头
95%
30 广东 地级市 汕尾
95%
1744 1778 广东 地级市 深圳
95%
36 福建 地级市 三明
92%
70 56 海南 地级市 三亚
92%
76 63 河南 地级市 商丘
92%
217 195 浙江 地级市 绍兴
92%
442 387 河北 地级市 石家庄
92%
707 804 辽宁 地级市 沈阳
90%
38 61 河南 地级市 三门峡
89%
5 西藏 地级市 山南
89%
120 江西 地级市 上饶
89%
108 87 湖北 地级市 十堰
89%
399 609 江苏 地级市 苏州
88%
17 陕西 地级市 商洛
86%
83 70 江苏 地级市 宿迁
86%
64 73 安徽 地级市 宿州
86%
暂无数据 海南 地级市 三沙
85%
74 67 广东 地级市 韶关
85%
63 81 湖南 地级市 邵阳
85%
37 宁夏 地级市 石嘴山
82%
48 55 吉林 地级市 四平
82%
36 黑龙江 地级市 双鸭山
81%
75 58 四川 地级市 遂宁
81%
44 湖北 地级市 随州
79%
47 58 吉林 地级市 松原
77%
32 黑龙江 地级市 绥化
77%
42 山西 地级市 朔州
75%
46 新疆 县级市 石河子
74%
63 河北 县级市 三河
62%
43 福建 县级市 石狮
60%
14 河北 县级市 深州
59%
5 湖南 县级市 韶山
56%
29 陕西 县级市 神木
52%
2 新疆 县级市 双河
52%
36 湖南 县级市 邵东
51%
42 广东 县级市 四会
48%
10 黑龙江 县级市 绥芬河
48%
32 浙江 县级市 嵊州
47%
19 福建 县级市 邵武
40%
51 山东 县级市 寿光
40%
23 河北 县级市 沙河
38%
34 四川 县级市 射洪
37%
18 湖北 县级市 松滋
37%
17 湖北 县级市 石首
36%
15 黑龙江 县级市 尚志
34%
16 四川 县级市 什邡
34%
12 吉林 县级市 双辽
33%
暂无数据 新疆 县级市 沙湾
29%
15 吉林 县级市 舒兰
29%
5 云南 县级市 水富
23%
No matching quizzes found
Score Distribution
Percent of People with Each Score
Percentile by Number Answered
Your Score History
You have not taken this quiz since the last reset